| 000 | 00489nam a2200169 i 4500 | ||
|---|---|---|---|
| 001 | bg | ||
| 100 | 1 | _aDrozdowski, Zdzisław . | |
| 245 | 0 |
_aWłaściwości dynamiczne napędu elektrycznego ze sprzęgłem odśrodkowym proszkowym / _cZ. Drozdowski. |
|
| 260 |
_aZielona Góra, _c1983. |
||
| 650 | 9 | _aNapęd elektryczny | |
| 650 | 9 |
_aSprzęgła _xbudowa i konstrukcje |
|
| 040 | _cBPK | ||
| 041 | _apol | ||
| 080 | _a621.313 | ||
| 942 | _cKS | ||
| 008 | s pl f |000 0 pol | ||
| 999 |
_c22735 _d22735 |
||
| 856 |
_uhttp://koha.tu.koszalin.pl/cgi-bin/koha/opac-detail.pl?biblionumber=22735 _yKatalog online BPK |
||